Normal view
MARC view
- Hogervorst, R Huijsing, J. M
Entry Personal Name
001 - CONTROL NUMBER
- control field: 73817
003 - CONTROL NUMBER IDENTIFIER
- control field: NUST
005 - DATE AND TIME OF LATEST TRANSACTION
- control field: 20210628205104.0
008 - FIXED-LENGTH DATA ELEMENTS
- fixed length control field: 210628|| aca||aabn | a|a d
040 ## - CATALOGING SOURCE
- Original cataloging agency: NUST
- Transcribing agency: NUST
100 ## - HEADING--PERSONAL NAME
- Personal name: Hogervorst, R Huijsing, J. M
670 ## - SOURCE DATA FOUND
- Source citation: Work cat.: (NUST): Hogervorst, R Huijsing, J. M, Design of low voltage low power operational amplifier cells, 1996
